| 000 | 01280nam2a2200265 4500 | ||
|---|---|---|---|
| 001 | RU\NLR\bibl\1670651 | ||
| 005 | 20250616044202.0 | ||
| 010 |
_a978-5-91753-007-9 _b1 т. _9200 |
||
| 021 |
_aRU _b2010-57618 _93773 |
||
| 035 | _a(NLR Aleph) 001661912 | ||
| 090 |
_a987014 _c987014 |
||
| 100 | _a20100902d2009 |||y0rusy50 ca | ||
| 101 | 0 | _arus | |
| 102 | _aRU | ||
| 105 | _aa ||||||||| | ||
| 200 | 0 | _aТ. 1 | |
| 210 |
_d2009 _aБ. м. |
||
| 215 |
_a475 с. _cил. |
||
| 320 | _aБиблиогр. в конце докл. | ||
| 461 | 0 |
_1001RU\NLR\bibl\1684636 _12001#$aСовременные проблемы психологии развития и образования человека$vТ. 1 _91070236 _cСанкт-Петербург _d2009 _fредкол.: Авдиенко Геннадий Юрьевич, к.психол.н., доц. и др.] _nАйсинг _oсборник материалов Всероссийской с международным участием конференции : [в 2 т. _tСовременные проблемы психологии развития и образования человека _y978-5-91753-006-2 _vТ. 1 |
|
| 801 | 0 |
_aRU _bNLR _c20100902 _gRCR |
|
| 801 | 1 |
_aRU _bNLR _c20100902 |
|
| 942 | _cBOOK | ||
| 980 | _aNB | ||